| 000 | 00374nam a2200145Ia 4500 | ||
|---|---|---|---|
| 008 | 210210b1988 xxu||||| |||| 00| 0 eng d | ||
| 082 | _a891.4605 RAKN | ||
| 100 | _a- | ||
| 245 | _aRAKNO: Bhangarotsav smarak anko. | ||
| 260 |
_aMangalore. _bRaknno., _c1988 |
||
| 300 | _a244 | ||
| 650 | _aRaknno 50 Years Golden Sovenir | ||
| 690 | _aKonkani Literature | ||
| 906 | _a042030 | ||
| 999 |
_c91778 _d91778 |
||